000 00179nam a2200085 4500
001 1258371
005 20260310101249.0
245 _aKINALI SERÇE
_cŞERMİN YAŞAR
260 _bKRONİK
999 _c1258371
_d1258371